<?xml version="1.0" encoding="UTF-8"?>
<record
    xmlns:xsi="http://www.w3.org/2001/XMLSchema-instance"
    xsi:schemaLocation="http://www.loc.gov/MARC21/slim http://www.loc.gov/standards/marcxml/schema/MARC21slim.xsd"
    xmlns="http://www.loc.gov/MARC21/slim">

  <leader>01010na  a2200301   4500</leader>
  <controlfield tag="001">15732</controlfield>
  <controlfield tag="003">MIRAKIL</controlfield>
  <controlfield tag="005">20181213155126.0</controlfield>
  <controlfield tag="008">160923b        tu            000 0      </controlfield>
  <datafield tag="020" ind1=" " ind2=" ">
    <subfield code="a">9757217395</subfield>
  </datafield>
  <datafield tag="035" ind1=" " ind2=" ">
    <subfield code="a">15732</subfield>
  </datafield>
  <datafield tag="040" ind1=" " ind2=" ">
    <subfield code="a">Milas</subfield>
    <subfield code="b">tur</subfield>
    <subfield code="c">TR-AnCHP</subfield>
  </datafield>
  <datafield tag="082" ind1=" " ind2=" ">
    <subfield code="a">323.09561</subfield>
    <subfield code="b">T96t 2003</subfield>
  </datafield>
  <datafield tag="090" ind1=" " ind2=" ">
    <subfield code="a">323.09561 T96t 2003</subfield>
  </datafield>
  <datafield tag="111" ind1=" " ind2=" ">
    <subfield code="a">T&#xFC;rkiye &#x130;nsan Haklar&#x131; Hareketi Konferans&#x131;</subfield>
    <subfield code="c">&#xDC;rg&#xFC;p</subfield>
    <subfield code="d">2002</subfield>
  </datafield>
  <datafield tag="245" ind1=" " ind2=" ">
    <subfield code="a">T&#xFC;rkiye insan haklar&#x131; hareketi konferans&#x131;</subfield>
    <subfield code="b">2002 bildirileri</subfield>
    <subfield code="c">Yay&#x131;na haz&#x131;rlayan G&#xFC;l Erdost</subfield>
  </datafield>
  <datafield tag="246" ind1=" " ind2=" ">
    <subfield code="a">2002 bildirileri</subfield>
  </datafield>
  <datafield tag="260" ind1=" " ind2=" ">
    <subfield code="a">Ankara</subfield>
    <subfield code="b">T&#xFC;rkiye &#x130;nsan Haklar&#x131; Vakf&#x131; Yay&#x131;nlar&#x131;</subfield>
    <subfield code="c">2003</subfield>
  </datafield>
  <datafield tag="300" ind1=" " ind2=" ">
    <subfield code="a">327 s.</subfield>
    <subfield code="c">25 sm.</subfield>
  </datafield>
  <datafield tag="490" ind1=" " ind2=" ">
    <subfield code="a">T&#xFC;rkiye &#x130;nsan Haklar&#x131; yay&#x131;nlar&#x131;</subfield>
    <subfield code="v">32</subfield>
  </datafield>
  <datafield tag="650" ind1=" " ind2=" ">
    <subfield code="a">Sosyal haklar</subfield>
  </datafield>
  <datafield tag="650" ind1=" " ind2=" ">
    <subfield code="a">&#x130;nsan haklar&#x131;</subfield>
    <subfield code="x">Yoksulluk</subfield>
    <subfield code="z">G&#xF6;&#xE7;</subfield>
  </datafield>
  <datafield tag="650" ind1=" " ind2=" ">
    <subfield code="a">&#x130;nsan haklar&#x131;</subfield>
    <subfield code="x">Yoksulluk</subfield>
    <subfield code="z">Sendikalar</subfield>
  </datafield>
  <datafield tag="650" ind1=" " ind2=" ">
    <subfield code="a">&#x130;nsan haklar&#x131;</subfield>
    <subfield code="x">Yoksulluk</subfield>
    <subfield code="z">&#xC7;ocuklar</subfield>
  </datafield>
  <datafield tag="650" ind1=" " ind2=" ">
    <subfield code="a">&#x130;nsan haklar&#x131;</subfield>
    <subfield code="x">Yoksulluk</subfield>
    <subfield code="z">Kad&#x131;n</subfield>
  </datafield>
  <datafield tag="700" ind1=" " ind2=" ">
    <subfield code="a">Erdost, G&#xFC;l</subfield>
  </datafield>
  <datafield tag="942" ind1=" " ind2=" ">
    <subfield code="2">ddc</subfield>
    <subfield code="c">BKS</subfield>
  </datafield>
  <datafield tag="952" ind1=" " ind2=" ">
    <subfield code="a">0001</subfield>
    <subfield code="b">0001</subfield>
    <subfield code="d">2016-09-23</subfield>
    <subfield code="e">2</subfield>
    <subfield code="l">0</subfield>
    <subfield code="o">323.09561 T96t 2003</subfield>
    <subfield code="p">004135</subfield>
    <subfield code="r">2016-09-23 00:00:00</subfield>
    <subfield code="v">0.00</subfield>
    <subfield code="w">2016-09-23</subfield>
    <subfield code="y">BKS</subfield>
  </datafield>
  <datafield tag="952" ind1=" " ind2=" ">
    <subfield code="a">0001</subfield>
    <subfield code="b">0001</subfield>
    <subfield code="d">2016-09-23</subfield>
    <subfield code="e">2</subfield>
    <subfield code="l">0</subfield>
    <subfield code="o">323.09561 T96t 2003</subfield>
    <subfield code="p">004136</subfield>
    <subfield code="r">2016-09-23 00:00:00</subfield>
    <subfield code="t">k.2</subfield>
    <subfield code="v">0.00</subfield>
    <subfield code="w">2016-09-23</subfield>
    <subfield code="y">BKS</subfield>
  </datafield>
  <datafield tag="999" ind1=" " ind2=" ">
    <subfield code="c">7049</subfield>
    <subfield code="d">7049</subfield>
  </datafield>
</record>
